| 000 | 00831nam a2200217Ia 4500 | ||
|---|---|---|---|
| 003 | IN-BaIIA | ||
| 008 | 211028s9999 xx 000 0 eng d | ||
| 040 | _cIIA Library | ||
| 080 |
_a083.8:520.44 _bHEN-II |
||
| 100 |
_aHenze, William _918860 |
||
| 245 | 0 |
_aUltraviolet spectrometer and polarimeter (UVSP) catalog of observations; vol. 2 _bexperiments 30720-63057 (April 1985-Febrary 1988) _cWilliam Henze |
|
| 260 |
_aWashington _bNational Aeronautics and Space Administration _c1993 |
||
| 300 | _a2v. (iii, 1580p.) | ||
| 490 | _aNASA contractor report; 4529 | ||
| 650 | _aAstronomy and Astrophysics Thesaurus | ||
| 650 |
_aCatalogue-UVSP _918861 |
||
| 650 |
_aPolarimeter _918862 |
||
| 650 |
_aUltraviolet spectrometer _918863 |
||
| 650 |
_aUVSP Catalogue _918864 |
||
| 942 | _cBK | ||
| 999 |
_c11022 _d11022 |
||